000 00728nam a2200265Ia 4500
003 OSt
005 20221006153741.0
006 a|||||r|||| 00| 0
007 ta
008 221006b |||||||| |||| 00| 0 chi d
020 _a9570411511
_c280.00yuan
024 _a33,232
037 _bGift, PRC
_cTextual
040 _aEASL
_cEASL
_bchi
041 _2chi
_achi
082 _aY:1.4295, P2
100 _aXIAO Xin Huang
_9665257
245 0 _aTaiwan She Hui Wen Hua Dian Fan Di Zhuan Yi
260 _aTaibei
_bLi Wen Hua Shi Ye You Xian
_c2002
300 _a297p.
_ccm.
490 _v CL
650 _aCL
_9642733
942 _hY:1.4295, P2
_cTEXL
_2CC
999 _c1101318
_d1101318